| 000 | 01173pab a2200181 454500 | ||
|---|---|---|---|
| 008 | 180718b2002 xxu||||| |||| 00| 0 eng d | ||
| 100 | _aDagdeviren, Hulya | ||
| 245 | _aPoverty reduction with growth and redistribution | ||
| 260 | _c2002 | ||
| 300 | _ap.383-413. | ||
| 362 | _aJun | ||
| 520 | _aIn the late 1990s the bilateral and multilateral development agencies placed increasing emphasis on poverty reduction in developing countries. This led to the establishment by the United Nations of the `International Development Targets' for poverty reduction. The target of poverty reduction might be achieved through faster economic growth alone, through redistribution, or through a combination of the two. This article presents an analytical framework to assess the effectiveness of growth and redistribution for poverty reduction. It concludes that redistribution, either of current income or the growth increment of income, is more effective in reducing poverty for a majority of countries than growth alone. - Reproduced. | ||
| 650 | _aPoverty | ||
| 700 | _aWeeks, John | ||
| 700 | _aHoeven, Rolph Vander | ||
| 773 | _aDevelopment and Change | ||
| 909 | _a53551 | ||
| 999 |
_c53551 _d53551 |
||